<?xml version="1.0" encoding="UTF-8"?><?xml-stylesheet type="text/xsl" href="static/style.xsl"?><OAI-PMH xmlns="http://www.openarchives.org/OAI/2.0/" xmlns:xsi="http://www.w3.org/2001/XMLSchema-instance" xsi:schemaLocation="http://www.openarchives.org/OAI/2.0/ http://www.openarchives.org/OAI/2.0/OAI-PMH.xsd"><responseDate>2026-04-17T20:15:13Z</responseDate><request verb="GetRecord" identifier="oai:www.recercat.cat:10256/19713" metadataPrefix="marc">https://recercat.cat/oai/request</request><GetRecord><record><header><identifier>oai:recercat.cat:10256/19713</identifier><datestamp>2024-06-18T12:12:29Z</datestamp><setSpec>com_2072_452955</setSpec><setSpec>com_2072_2054</setSpec><setSpec>col_2072_452961</setSpec></header><metadata><record xmlns="http://www.loc.gov/MARC21/slim" xmlns:dcterms="http://purl.org/dc/terms/" xmlns:xsi="http://www.w3.org/2001/XMLSchema-instance" xmlns:doc="http://www.lyncode.com/xoai" xsi:schemaLocation="http://www.loc.gov/MARC21/slim http://www.loc.gov/standards/marcxml/schema/MARC21slim.xsd">
   <leader>00925njm 22002777a 4500</leader>
   <datafield ind2=" " ind1=" " tag="042">
      <subfield code="a">dc</subfield>
   </datafield>
   <datafield ind2=" " ind1=" " tag="720">
      <subfield code="a">Cornejo Morales, Claudia</subfield>
      <subfield code="e">author</subfield>
   </datafield>
   <datafield ind2=" " ind1=" " tag="720">
      <subfield code="a">Goizueta, Manuel</subfield>
      <subfield code="e">author</subfield>
   </datafield>
   <datafield ind2=" " ind1=" " tag="720">
      <subfield code="a">Alsina, Àngel</subfield>
      <subfield code="e">author</subfield>
   </datafield>
   <datafield ind2=" " ind1=" " tag="260">
      <subfield code="c">2021-06-08</subfield>
   </datafield>
   <datafield ind2=" " ind1=" " tag="520">
      <subfield code="a">A model to analyze argumentation in Early Childhood Mathematics Education is presented, called Argumentative Situation (AS), to characterize argumentation in Childhood mathematics classroom. From an integrative approach that considers contextual and functional aspects of argumentation, AS considers five components: argument (what is argued? and why?); interaction (who argues?); functions of argumentation (what is it argued for?); character of the argument (how is it argued?); and Mathematics (what is argued about?). We present analyses of three class episodes in order to exemplify the use of AS and to account for its scope and limitations. We finish by discussing projections of the model</subfield>
   </datafield>
   <datafield ind2=" " ind1=" " tag="520">
      <subfield code="a">Se presenta un modelo, denominado Situación Argumentativa (SA), para analizar y caracterizar la argumentación en la Educación Matemática Infantil. Desde un enfoque integrador que considera aspectos contextuales y funcionales de la argumentación, la SA considera cinco componentes: argumento (¿qué se argumenta? y ¿por qué?); interacción (¿quiénes argumentan?); función de la argumentación (¿para qué se argumenta?); carácter de la argumentación (¿cómo se argumenta?); y matemática (¿sobre qué se argumenta?). Para ejemplificar el uso de la SA y dar cuenta de sus alcances y limitaciones, presentamos el análisis de tres episodios de clase. Finalizamos discutiendo las proyecciones del modelo para las matemáticas de las primeras edades</subfield>
   </datafield>
   <datafield ind2=" " ind1=" " tag="520">
      <subfield code="a">Esta investigación está financiada por la Agencia Nacional de Investigación y Desarrollo de Chile (ANID), a través de la Beca de Doctorado Nacional convocatoria 2017 folio 21171532 y del proyecto FONDECYT Iniciación 11190135; y por el Proyecto EDU2017-84979-R subvencionado por&#xd;
FEDER/Ministerio de Ciencia, Innovación y Universidades – Agencia Estatal de Investigación (España)</subfield>
   </datafield>
   <datafield ind1="8" ind2=" " tag="024">
      <subfield code="a">http://hdl.handle.net/10256/19713</subfield>
   </datafield>
   <datafield tag="653" ind2=" " ind1=" ">
      <subfield code="a">Matemàtica -- Educació infantil</subfield>
   </datafield>
   <datafield tag="653" ind2=" " ind1=" ">
      <subfield code="a">Mathematics -- Study and teaching (Preschool)</subfield>
   </datafield>
   <datafield tag="653" ind2=" " ind1=" ">
      <subfield code="a">Didàctica</subfield>
   </datafield>
   <datafield tag="653" ind2=" " ind1=" ">
      <subfield code="a">Teaching</subfield>
   </datafield>
   <datafield ind2="0" ind1="0" tag="245">
      <subfield code="a">La Situación Argumentativa: un modelo para analizar la argumentación en educación matemática infantil</subfield>
   </datafield>
</record></metadata></record></GetRecord></OAI-PMH>